Thuật ngữ Tin học Anh - Việt

Đã lưu trong:
Sonraí Bibleagrafaíochta
Príomhúdar: Lê Minh Trí
Formáid: Leabhar
Teanga:English
Foilsithe: NXB Trẻ 2000
Ábhair:
Clibeanna: Cuir Clib Leis
Gan Chlibeanna, Bí ar an gcéad duine leis an taifead seo a chlibeáil!
Thư viện lưu trữ: Mạng thư viện Đại học Đà Nẵng
LEADER 01100cam a22003251a 4500
001 000033743
003 9933
005 20151026000000.0
008 151022s2000 vm 000 eng
041 |a eng 
082 |a 423  |b LÊ-TR 
100 |a Lê Minh Trí 
245 |a Thuật ngữ Tin học Anh - Việt  |c Lê Minh Trí 
260 |a NXB Trẻ  |c 2000 
300 |a 1538tr. : mh ; 20 cm 
650 |a 2000, Lê Minh Trí, Thuật ngữ, Tin học, Anh - Việt, Từ điển, English - Vietnamese Dictionary, Computing 
852 |b Đọc  |c TỪ ĐIỂN 
OWN |a LNN 
AVA |a UDN50  |b LNN  |d 423 LÊ-TR  |e available  |t Error 5001 Not defined in file expand_doc_bib_avail.  |f 2  |g 0  |h N  |i 0  |k 1 
999 |a From the UDN01 
AVA |a UDN50  |b LNN  |d 423 LÊ-TR  |e available  |t Error 5001 Not defined in file expand_doc_bib_avail.  |f 2  |g 0  |h N  |i 0  |k 1 
TYP |a Monograph 
TYP |a Printed language 
980 |a Mạng thư viện Đại học Đà Nẵng